| 000 | 00485nam a22001697a 4500 | ||
|---|---|---|---|
| 003 | BD-DhUL | ||
| 005 | 20180506152148.0 | ||
| 008 | 180506s1979 ru ||||| |||| 00| 0 urd d | ||
| 040 |
_aBD-DhUL _cBD-DhUL |
||
| 082 |
_a629.3 _bDAA |
||
| 110 | 2 | _aدار الاشاعت | |
| 245 | 1 |
_aآفتابی ھوا / _cدار الاشاعت |
|
| 260 |
_aماسکو : _bدار الاشاعت، _c۔۱۹۷۹ |
||
| 300 |
_a ص ۵۵ ؛ _c۲۷ سم۔ _bتصویرات |
||
| 650 | 0 | _aNo | |
| 942 |
_2ddc _cBK |
||
| 999 |
_c240999 _d240999 |
||